00647 2200241 4500001002100000005001700021008004100038020002200079035002500101040001200126082001500138084001700153100001800170245007600188250001100264260002800275300002200303650001700325700001500342850001200357990001800369990001800387INLIS00000000001223520150909115042.0  a978-602-7724-11-2 a0010-091500000000748 aYOPDYOG 223a297.63 a297.63 Yan R aYANUAR Arifin aRekam jejak para sahabat kaya rayac/ Yanuar Arifin; Editor, Abdul Aziz aCet. 1 aYogyakartabSabilc2012 a212 hlmc; 20 cm. aSahabat Nabi aABDUL AZIZ aYOPDYOG a50473-PD/A.15 a50474-PD/A.15